Дело об отклонении ходатайства попечителя Дерптского учебного округа разрешать слушание основных факультетских предметов в Дерпт...

Доступно только в Электронных читальных залах Найти на картеНа карте
RUSMARC
00004662nmc2a2200000 x 450
001614cbe5e-2163-4481-9f10-571f4cb5c430
00520170113144649.0
100##$a20140512l18261826k l0rusy0189 ca
1010#$arus
102##$aRU
2001#$aДело об отклонении ходатайства попечителя Дерптского учебного округа разрешать слушание основных факультетских предметов в Дерптском университете лишь тем вольнослушателям, которые на вступительных экзаменах покажут себя достаточно подготовленными
$j9 мая - 10 июля 1826 г.
251##$cДело
300##$aДело
300##$aОриг. заголовок дела: Дело, по представлению попечителя Дерптского учебного округа, о том. чтобы слушание собственно факультетских наук, преподаваемых в Дерптском университете, дозволяемо было только тем, которые на предварительном испытании окажут к тому надлежащие сведения и способности. 9 мая 1826 г. - 10 июля 1826 г
801#0$aRU
$bРГИА
$c20140512
$gRCR
801#1$aRU
$bГлавНИВЦ
$c20140512
$2rusmarc
801#2$aRU
$bПБ им. Б.Н. Ельцина
$c20170113
$gRCR
$2rusmarc
850##$aРГИА
852##$aРГИА
$eФедеральное казенное учреждение "Российский государственный исторический архив" (РГИА)
$j412
937##$hРГИА
$d11175041
$aASBIBLIO_SCAN
462#0$10015faafd89-1df2-4e8f-a0ba-1d8a620713c6
$12001
$aДела Департамента народного просвещения по Дерптскому учебному округу за 1802-1836 гг.
$1251
$cОпись
$1852
$j56
461#0$1001a74412a3-3cc5-4d21-8f0a-dfe2fbd9e72d
$12001
$aДепартамент народного просвещения Министерства народного просвещения (1803-1917)
$1251
$cФонд
$1852
$j733
215##$a10 л.
$d36,5х26 см
371##$aДокумент не является опубликованным и широко распространяемым
105##$aу###
1222#$ad
5171#$aДело, по представлению попечителя Дерптского учебного округа, о том. чтобы слушание собственно факультетских наук, преподаваемых в Дерптском университете, дозволяемо было только тем, которые на предварительном испытании окажут к тому надлежащие сведения и способности. 9 мая 1826 г. - 10 июля 1826 г.
035##$a614cbe5e-2163-4481-9f10-571f4cb5c430
856##$uhttp://readingroom.main.prlib.ru/item.aspx?id_node=n94259035&mode=full
Формат отображения